Europe Population Circles Quiz Stats

 Plays Quiz Updated Jul 26, 2018

Score 0/10 Timer 02:00
0 Plays Today
% Correct
44.4 million
94.6%
41.9 million
94.2%
46.1 million
89.8%
36.5 million
85.1%
30.0 million
82.1%
26.8 million
73.7%
28.8 million
62.8%
22.7 million
62.3%
29.0 million
61.5%
22.8 million
38.4%

You're not logged in!

Compare scores with friends on all Sporcle quizzes.
OR
Log In

Sporcle TV

Today on Sporcle TV


Watch our educational content, quiz creation guides, and fun videos on Sporcle TV.

Show Comments

Extras

Top Quizzes Today


Score Distribution

Your Account Isn't Verified!

In order to create a playlist on Sporcle, you need to verify the email address you used during registration. Go to your Sporcle Settings to finish the process.

Report this User

Report this user for behavior that violates our Community Guidelines.

Details: